Central Library OPAC University of Rajshahi

Compete : a dynamic marketing simulation : (Record no. 19508)

MARC details
000 -LEADER
fixed length control field 00751nam a22002537a 4500
001 - CONTROL NUMBER
control field 19508
003 - CONTROL NUMBER IDENTIFIER
rucl marc code BD-RjUL
005 - DATE AND TIME OF LATEST TRANSACTION
control field 20211209000437.0
008 - FIXED-LENGTH DATA ELEMENTS--GENERAL INFORMATION
fixed length control field 140224s1979 un ||||| |||| 000 0 eng d
020 ## - INTERNATIONAL STANDARD BOOK NUMBER
International Standard Book Number 0256020779
035 ## - SYSTEM CONTROL NUMBER
System control number (BD-RjUL)19568
040 ## - CATALOGING SOURCE
Original cataloging agency BD-RjUL
Language of cataloging eng
Transcribing agency BD-RjUL
041 ## - LANGUAGE CODE
Language code of text/sound track or separate title eng
082 04 - DEWEY DECIMAL CLASSIFICATION NUMBER
Classification number 658.8
Author mark and year FAC 1979
100 1# - MAIN ENTRY--PERSONAL NAME
Personal name Faria, A. J
9 (RLIN) 59935
245 0# - TITLE STATEMENT
Title Compete : a dynamic marketing simulation :
Remainder of title Student Manual /
Statement of responsibility, etc. by A J Faria; R O Nulsen; J L Woznick
250 ## - EDITION STATEMENT
Edition statement Rev. Ed
260 ## - PUBLICATION, DISTRIBUTION, ETC. (IMPRINT)
Place of publication, distribution, etc. Dallas :
Name of publisher, distributor, etc. Business Publications,
Date of publication, distribution, etc. 1979.
300 ## - PHYSICAL DESCRIPTION
Pagination (Pagination variee).;
Size 24cm.
650 #0 - SUBJECT ADDED ENTRY--TOPICAL TERM
Topical term or geographic name as entry element Competition -- Fictif
9 (RLIN) 59936
700 1# - ADDED ENTRY--PERSONAL NAME
Personal name Nulsen, R O
Personal name Woznick, J L
942 ## - ADDED ENTRY ELEMENTS (KOHA)
Source of classification or shelving scheme Dewey Decimal Classification
Koha item type Books
Holdings
Lost status Source of classification or shelving scheme Damaged status Not for loan Collection code Permanent Location Current Location Shelving location Date acquired Source of acquisition Total Checkouts Full call number Date last seen Copy number Koha item type
  Dewey Decimal Classification   Not For Loan Non-fiction Central Library, University of Rajshahi Central Library, University of Rajshahi Reading Room 06/07/1985 Asia foundation Gift   658.8 FAC 1979 24/02/2014 C-1 Books